| 000 | 00412pab a2200145 454500 | ||
|---|---|---|---|
| 008 | 180718b1990 xxu||||| |||| 00| 0 eng d | ||
| 100 | _aJha, Avinash Chandra | ||
| 245 | _aA programming model for inter - state flow pattern of fertilizers in India | ||
| 260 | _c1990 | ||
| 300 | _a35-44 | ||
| 650 | _aFertilizers - India | ||
| 700 | _aDeepa Saran | ||
| 773 | _aIndian Journal of Regional Science | ||
| 909 | _a8458 | ||
| 999 |
_c8458 _d8458 |
||